Pútnik kvapka

Bibliographic Details
Main Authors: Iľjin, M., 1895-1953 (Author), Segal, Jelena Aleksandrovna, 1905-1980 (Author)
Other Authors: Kyseľ, Ladislav (Translator), Rogovský, Mikuláš, 1923-2002 (Illustrator)
Format: Book
Language:Slovak
Russian
PhysicalDescription:[28] s., [s. 145-172] V. 8°
Published: Bratislava Smena [1949]
Series:Naše rozprávky Tik-Tak
Subjects:

MARC

LEADER 00000cam a2200000 a 4500
001 vtls008375650
003 SK-MaSNL
005 20260301020850.0
008 230403s1949 xo 000 j slo
015 |a SNBA19451955-004370 
035 |a SK01SNKBKSFS20010067867 
035 |a urn:nbn:sk:snk-am3hwpt 
035 |a 26249597-50AB-44D2-AE6A-D7DAC4F5D846 
035 |a urn:nbn:sk:snk-am00dbov 
035 |a SKM000070330 
040 |a SNK  |b slo  |c SNK  |e AACR2 
041 1 |a slo  |h rus 
044 |a xo  |c SK 
080 |a 882  |2 1981 
100 1 |a Iľjin, M.,  |d 1895-1953  |4 aut  |9 179399 
245 1 0 |a Pútnik kvapka  |c M. Iljin, E. Segal ; [z ruštiny preložil L. Kyseľ ; ilustrácie M. Rogovský] 
260 |a Bratislava  |b Smena  |c [1949]  |e Ružomberok  |f Lev 
300 |a [28] s., [s. 145-172]  |c V. 8° 
366 |e 25000 výtl. 
490 1 |a Naše rozprávky Tik-Tak  |v č. 6 
655 7 |a ruské rozprávky  |2 SNKPH  |9 70673 
655 7 |a autorské rozprávky  |2 SNKPH  |9 70727 
655 7 |a publikácie pre deti  |2 SNKPH  |9 70148 
700 1 |a Segal, Jelena Aleksandrovna,  |d 1905-1980  |4 aut  |9 52233 
700 1 |a Kyseľ, Ladislav  |4 trl  |9 308935 
700 1 |a Rogovský, Mikuláš,  |d 1923-2002  |4 ill  |9 117753 
830 0 |a Naše rozprávky Tik-Tak  |9 308936 
852 |a Slovenská národná knižnica 
954 |a beletria cudzojazyčná (svetová)  |2 lita 
958 |a EUIPO 
958 |a OND 
958 |a RK 
958 |a TL 
999 |c 563992  |d 565922 
952 |a SNK  |b SNK  |y VYP  |7 0  |p 17A0611555  |o snkSD 6450/6 D1  |i snkVIII.3181/49  |0 0  |1 0  |4 0  |d 2009-02-17  |l 0  |r 2026-02-23 13:52:17  |w 2026-02-23 
952 |a SNK  |b SNK  |y PREZ  |7 0  |p 17A0911898  |o snkSD 6450/6  |i snk6293/49  |0 0  |1 0  |4 0  |d 2019-03-05  |f 1  |l 0  |r 2025-11-14 00:00:00  |w 2026-02-23